|
|
|
|
| LEADER |
02651cam a2200505 a 4500 |
| 001 |
c000296546 |
| 003 |
CARM |
| 005 |
20100820154527.0 |
| 008 |
830627m19839999enk b 000 0 eng d |
| 010 |
|
|
|a 83013174
|
| 019 |
1 |
|
|a 2976205
|z 45094596
|5 LACONCORD2021
|
| 020 |
|
|
|a 0379165503 (loose-leaf : set)
|
| 035 |
|
|
|a (OCoLC)9727633
|5 LACONCORD2021
|
| 040 |
|
|
|a LC
|b eng
|c LC
|d LC
|
| 050 |
0 |
0 |
|a KZA1120
|b .N494
|
| 082 |
0 |
4 |
|a 341.45
|2 19
|
| 245 |
0 |
0 |
|a New directions in the law of the sea.
|p New series /
|c compiled and edited by Kenneth R. Simmonds with the collaboration of specialist consulting editors.
|
| 260 |
|
|
|a London ;
|a New York :
|b Oceana Publications,
|c 1983-.
|
| 300 |
|
|
|a 5 v. (loose-leaf) ;
|c 27 cm.
|
| 500 |
|
|
|a Later edition split into 2 parts: Global developments, and, Regional and national developments.
|
| 500 |
|
|
|a Looseleaf.
|
| 504 |
|
|
|a Includes bibliographical references.
|
| 650 |
|
0 |
|a Law of the sea
|x History
|v Sources.
|
| 700 |
1 |
|
|a Simmonds, K. R.
|q (Kenneth R.)
|
| 852 |
8 |
|
|b CARM
|h A3:AI06C0
|i F07757
|p 0551875
|f BK
|
| 852 |
8 |
|
|b CARM
|h A3:AI06C0
|i F07757
|p 0551876
|f BK
|
| 852 |
8 |
|
|b CARM
|h A3:AI10C0
|i F07746
|p 0551844
|f BK
|
| 852 |
8 |
|
|b CARM
|h A3:AI15D0
|i F07755
|p 0551867
|f BK
|
| 852 |
8 |
|
|b CARM
|h A3:AI15D0
|i F07755
|p 0551868
|f BK
|
| 852 |
8 |
|
|b CARM
|p 0538772
|f BK
|
| 852 |
8 |
|
|b SCAN
|h A3:AI19C0
|i F07799
|p 0538772
|f BK
|
| 852 |
8 |
|
|b CARM
|h A3:AI19C0
|i F07799
|p 0538772
|j Reference and finding tools binder
|z Z30
|f BK
|
| 852 |
8 |
|
|b CARM
|h A3:AI15D0
|i F07755
|p 0551867
|j v.1
|z Z30
|f BK
|
| 852 |
8 |
|
|b CARM
|h A3:AI15D0
|i F07755
|p 0551868
|j v.2
|z Z30
|f BK
|
| 852 |
8 |
|
|b CARM
|h A3:AI06C0
|i F07757
|p 0551875
|j v.3
|z Z30
|f BK
|
| 852 |
8 |
|
|b CARM
|h A3:AI06C0
|i F07757
|p 0551876
|j v.4
|z Z30
|f BK
|
| 852 |
8 |
|
|b CARM
|h A3:AI10C0
|i F07746
|p 0551844
|j v.5
|z Z30
|f BK
|
| 999 |
f |
f |
|i 4591720e-3216-5526-a36f-f3ab99859cb4
|s 6369e6b1-ac5c-5b59-9d7b-c0f016397d16
|
| 952 |
f |
f |
|p Can circulate
|a CAVAL
|b CAVAL
|c CAVAL
|d CARM 1 Store
|e F07755
|f A3:AI15D0
|h Other scheme
|i book
|j v.2
|m 0551868
|
| 952 |
f |
f |
|p Can circulate
|a CAVAL
|b CAVAL
|c CAVAL
|d CARM 1 Store
|e F07757
|f A3:AI06C0
|h Other scheme
|i book
|j v.4
|m 0551876
|
| 952 |
f |
f |
|p Can circulate
|a CAVAL
|b CAVAL
|c CAVAL
|d CARM 1 Store
|e F07757
|f A3:AI06C0
|h Other scheme
|i book
|j v.3
|m 0551875
|
| 952 |
f |
f |
|p Can circulate
|a CAVAL
|b CAVAL
|c CAVAL
|d CARM 1 Store
|e F07755
|f A3:AI15D0
|h Other scheme
|i book
|j v.1
|m 0551867
|
| 952 |
f |
f |
|p Can circulate
|a CAVAL
|b CAVAL
|c CAVAL
|d CARM 1 Store
|e F07746
|f A3:AI10C0
|h Other scheme
|i book
|j v.5
|m 0551844
|
| 952 |
f |
f |
|p Can circulate
|a CAVAL
|b CAVAL
|c CAVAL
|d CARM 1 Store
|e F07755
|f A3:AI15D0
|h Other scheme
|i book
|j Reference and finding tools binder
|m 0538772
|
| 952 |
f |
f |
|a CAVAL
|b CAVAL
|c CAVAL
|d Unmapped Location
|e F07799
|f A3:AI19C0
|h Other scheme
|